Political geography : (Record no. 98763)

MARC details
000 -LEADER
fixed length control field 01826nam a22004095i 4500
001 - CONTROL NUMBER
control field 23063370
003 - CONTROL NUMBER IDENTIFIER
control field URS
005 - DATE AND TIME OF LATEST TRANSACTION
control field 20260223164111.0
008 - FIXED-LENGTH DATA ELEMENTS--GENERAL INFORMATION
fixed length control field 230412t2024 cau 001 0 eng
010 ## - LIBRARY OF CONGRESS CONTROL NUMBER
LC control number 2023936410
020 ## - INTERNATIONAL STANDARD BOOK NUMBER
International Standard Book Number 9781526498854
Qualifying information (paperback)
020 ## - INTERNATIONAL STANDARD BOOK NUMBER
International Standard Book Number 9781526498847
Qualifying information (hardcover)
020 ## - INTERNATIONAL STANDARD BOOK NUMBER
Canceled/invalid ISBN 9781529789195
Qualifying information (epub)
020 ## - INTERNATIONAL STANDARD BOOK NUMBER
Canceled/invalid ISBN 9781529787214
Qualifying information (epub)
020 ## - INTERNATIONAL STANDARD BOOK NUMBER
Canceled/invalid ISBN 9781529785234
Qualifying information (pdf)
020 ## - INTERNATIONAL STANDARD BOOK NUMBER
Canceled/invalid ISBN 9781529783254
035 ## - SYSTEM CONTROL NUMBER
System control number 23063370
040 ## - CATALOGING SOURCE
Original cataloging agency DLC
Language of cataloging eng
Description conventions rda
Transcribing agency DLC
Modifying agency DLC
-- URS
042 ## - AUTHENTICATION CODE
Authentication code pcc
082 ## - DEWEY DECIMAL CLASSIFICATION NUMBER
Classification number 320.1
Item number Sq58 2024
100 1# - MAIN ENTRY--PERSONAL NAME
Personal name Squire, Rachael.,
Relator term authors.
245 10 - TITLE STATEMENT
Title Political geography :
Remainder of title approaches, concepts, futures /
Statement of responsibility, etc. Rachael Squire and Anna Jackman.
250 ## - EDITION STATEMENT
Edition statement First.
263 ## - PROJECTED PUBLICATION DATE
Projected publication date 2312
264 #1 - PRODUCTION, PUBLICATION, DISTRIBUTION, MANUFACTURE, AND COPYRIGHT NOTICE
Place of production, publication, distribution, manufacture Thousand Oaks :
Name of producer, publisher, distributor, manufacturer Sage,
Date of production, publication, distribution, manufacture, or copyright notice [2024]
300 ## - PHYSICAL DESCRIPTION
Extent x, 245 pages;
Dimensions 24 cm.
336 ## - CONTENT TYPE
Content type term text
Content type code txt
Source rdacontent
337 ## - MEDIA TYPE
Media type term unmediated
Media type code n
Source rdamedia
338 ## - CARRIER TYPE
Carrier type term volume
Carrier type code nc
Source rdacarrier
504 ## - BIBLIOGRAPHY, ETC. NOTE
Bibliography, etc. note Includes bibliographical references (236-239), and indexes.
520 ## - SUMMARY, ETC.
Summary, etc. "This innovative and thought-provoking first edition will teach you about the diverse and increasingly expansive sub-discipline of Political Geography. Drawing on a rich canon of scholarship, case studies, and interactive learning activities, this textbook explores a diverse range of voices, contexts, and scales, equipping you with the necessary skills to critically engage with and decipher the tumultuous geopolitical world around us. Designed as a core text for undergraduates and an introductory text for postgraduates with an interest in Political Geography"--
Assigning source Provided by publisher.
650 ## - SUBJECT ADDED ENTRY--TOPICAL TERM
Topical term or geographic name entry element Political geography.
700 1# - ADDED ENTRY--PERSONAL NAME
Personal name Jackman, Anna,
Relator term authors.
906 ## - LOCAL DATA ELEMENT F, LDF (RLIN)
a 0
b ibc
c orignew
d 2
e epcn
f 20
g y-gencatlg
942 ## - ADDED ENTRY ELEMENTS (KOHA)
Source of classification or shelving scheme Dewey Decimal Classification
Koha item type Foreign Books
Holdings
Withdrawn status Source of classification or shelving scheme Damaged status Not for loan Home library Current library Shelving location Date acquired Total Checkouts Full call number Barcode Date last seen Copy number Price effective from Koha item type
  Dewey Decimal Classification     Pililla College Library Pililla College Library Foreign Section 02/16/2026   320.1 Sq58 2024 URSPIL-7390 02/16/2026 1 02/16/2026 Foreign Books
  Dewey Decimal Classification     Pililla College Library Pililla College Library Foreign Section 02/16/2026   320.1 Sq58 2024 URSPIL-7389 02/16/2026 2 02/16/2026 Foreign Books

University of Rizal System
Email us at univlibservices@urs.edu.ph

Visit our Website www.urs.edu.ph/library